Statistics for Countries in Europe with more than 100K casualties in WWII

Click here to take the quiz!

General Stats

  • This quiz has been taken 69 times
  • The average score is 11 of 12

Answer Stats

HintAnswer% Correct
7.4MNazi Germany
100%
450KUnited Kingdom
100%
514KItaly
98%
6MPoland
98%
600KFrance
97%
27MSoviet Union
94%
807KGreece
88%
500KRomania
88%
864KKingdom of Hungary
84%
210KNetherlands
84%
1.7MYugoslavia
78%
340KCzechoslovakia
67%

Score Distribution

Percentile by Number Answered

Percent of People with Each Score

Your Score History

You have not taken this quiz